| 000 | 00888nam a22002777a 4500 | ||
|---|---|---|---|
| 001 | 3170 | ||
| 003 | FISKH | ||
| 005 | 20240215110100.0 | ||
| 008 | 240215b cb ||||| |||| 00| 0 eng d | ||
| 020 | _a9780545591355 | ||
| 040 |
_aFISKH _beng _cFISKH _dFISKH |
||
| 050 | _aQC73.C36 | ||
| 082 | _a531.6 | ||
| 100 | _aCanizares, Susan | ||
| 245 |
_aMake it move! / _bby Canizares, Susan and Chessen, Betsey |
||
| 260 |
_aNew York : _bScholastic , _c2013 |
||
| 300 |
_a14 unnumbered pages : _bcolor illustrations ; _c19 cm . |
||
| 490 | _a Science Emergent Readers | ||
| 505 | _aAA | ||
| 520 | _aSimple text and photographs present people making things move, from the bouncing of balls to the pedaling of bikes. | ||
| 521 | 8 |
_a10
_bLexile |
|
| 521 | 8 |
_aAA
_bRaz-Plus |
|
| 650 |
_asports _vnon-fiction |
||
| 700 |
_aSchimanski, Bryce _edesigner |
||
| 942 |
_2ddc _cBK _n0 |
||
| 999 |
_c3170 _d3170 |
||